| 000 | 01663nam a2200325 c 4500 | ||
|---|---|---|---|
| 003 | BLK | ||
| 005 | 20180709170727.0 | ||
| 008 | 180412b bul|||||r ||||||| ||bul|| | ||
| 010 | _aKNG00008512000 | ||
| 020 |
_a954-467-014-9 _bиздат.: Агропрес |
||
| 040 | _aBLK | ||
| 041 |
_aBUL _cBUL |
||
| 080 |
_aРазвиване на мисълта. Подвижни упражнения - Упражняване на вниманието и способността за различаване, наблюдаване на природата, гимнастика, ритмични упражнения, ръчна работа и др. _b372.36 _x(075.2) _z372.36(075.2) |
||
| 080 |
_aМетодика по музика. Музика - учебни предмети _b372.878 _x(075.2) _z372.878(075.2) |
||
| 100 | 1 |
_aНиколова, Емилия Стефанова _eпърви автор _9252335 |
|
| 139 |
_aНиколова, Емилия Стефанова _bН 75 |
||
| 245 | 1 | 0 |
_aМузикални картини _bЗа деца от предучилищна и нач. училищна възраст _cЕмилия Стефанова Николова. |
| 257 | _aBGR | ||
| 260 |
_аСофия _bАгропрес _c1995 |
||
| 300 |
_a56 с. _bс цв. ил., ноти _c22Х24 см |
||
| 380 | _aDN | ||
| 500 | _a5 000 тир. | ||
| 650 | 4 |
_aМузикално възпитание - учебни помагала _9252336 |
|
| 650 | 4 |
_aМузика - учебни помагала _9245997 |
|
| 852 | _aЦб 184444 | ||
| 856 | 4 |
_qpdf _u |
|
| 856 | 4 |
_qpdf _u |
|
| 942 |
_cKNG _n0 _02 |
||
| 944 |
_aCR _c15.01.2003 _lф / _kСимона_Петрова |
||
| 944 |
_aED _c13.08.2014 _lф / _k |
||
| 999 |
_c7232 _d7232 |
||